La donna delinquente e la prostituta : l'eredità di Lombroso nella cultura e nella società italiane /

Guardat en:
Dades bibliogràfiques
Altres autors: Azara, Liliosa (Editor), Tedesco, Luca, (1970- ) (Editor)
Format: Llibre
Idioma:italià
anglès
Publicat: Roma : Viella, 2019
Col·lecció:I libri di Viella ; 330
Matèries:
Etiquetes: Afegir etiqueta
Sense etiquetes, Sigues el primer a etiquetar aquest registre!

MARC

LEADER 00000nam a2200000 i 4500
001 IT\ICCU\MOL\0251962
003 ItRI
005 20260115232058.0
008 191115s2019 it |||||| ||||| |||||c
015 |2 IT  |a 2019-9660 
020 |a 9788833132013 
040 |b ita  |c importazione bologna sebina 
041 7 |a ita  |a eng  |2 ISO-639-2 
082 |a 364.374  |9 DELINQUENTI DONNE  |2 23 
130 3 |a La donna delinquente e la prostituta  |3 IT\ICCU\PUV\1198814 
245 0 3 |a La donna delinquente e la prostituta :  |b l'eredità di Lombroso nella cultura e nella società italiane /  |c a cura di Liliosa Azara e Luca Tedesco. 
260 |a Roma :  |b Viella,  |c 2019 
300 |a 224 p. ;  |c 21 cm 
650 7 |a Lombroso, Cesare . La donna delinquente, la prostituta e la donna normale  |x Fortuna  |x Italia  |x 1895-1945  |2 nsbncf 
700 1 |a Azara, Liliosa  |0 IT\ICCU\LO1V\163011  |4 edt 
700 1 |a Tedesco, Luca,  |d  (1970- )  |0 IT\ICCU\UBOV\839818  |4 edt 
790 1 |a Azara, Lilioza  |3 IT\ICCU\CFIV\168131  |z Azara, Liliosa 
830 2 |a I libri di Viella ;  |v 330  |0 IT\ICCU\CFI\0226517 
942 |2 ddc  |c BK  |n 0 
952 |0 0  |1 0  |4 0  |6 DOC_305_420000000000000_AZA  |7 0  |9 19641  |a BO  |b BO  |d 2026-01-15  |i 19537  |l 0  |o DOC 305.420 AZA  |p BO19537  |r 2026-01-15 23:20:58  |w 2026-01-15  |x [Sebina 5] [1 v.]  |y BK  |z 1 v. 
999 |c 16741  |d 16741